000 00519nam a22001937a 4500
003 OSt
005 20150521155447.0
008 150521b xxu||||| |||| 00| 0 eng d
020 _a0750632135
040 _cDNLM
082 _aWW 140 C615 1997
100 _aElliot David B.
_94807
245 _aClinical Procedures in Primary Eye Care /
_cDavid B Elliott
260 _aOxford:
_bButterworth Heinemann;
_c1997.
300 _aix, 230 cm.
504 _aincludes index
650 _aPrimary Care
_94808
942 _2z
_cSLOAN
999 _c1828
_d1828